00611nam a2200217Ia 450000500170000000800410001702000180005804100120007608200160008810000210010424500820012525000120020726000350021930000200025465000180027465000240029265000190031665000160033565000200035170000220037120260429111926.0260429s9999||||xx |||||||||||||| ||und|| a9780367748814 aEnglish a384.54bMAL aMalik, Kanchan K 0aCommunity radio in south Asia : breclaiming the airwaves / cKanchan K Malik a1st ed. aNew York : bRoutledge,c2020. axvi, 294 p.; hb a Broadcasting a Mass communication a Media studies a South Asia aCommunity radio a Pavarala, Vinod